| 000 | 00517nam a2200181 a 4500 | ||
|---|---|---|---|
| 001 | 1083 | ||
| 005 | 20140414131908.0 | ||
| 008 | 041020s19uu xx 00 eng d | ||
| 020 | _a0-7853-1606-X | ||
| 050 |
_aER _bB35 1996 |
||
| 245 |
_aBeginners Bible songs (The) / _cillustrated by Kelly R. Pulley. |
||
| 260 |
_aLincolnwood, Il., USA : _bPublications International, _c1996. |
||
| 300 | _ap. : ill. ; cm. | ||
| 440 | _aPlay-a-song | ||
| 500 | _aNote: sounds not working | ||
| 650 | _aSongs. | ||
| 999 |
_c111040 _d111040 |
||